ՀՀ Գիտությունների ազգային ակադեմիայի հիմնարար գիտական գրադարան  =   Fundamental Scientific Library of NAS RA
Normal view MARC view

Entry Personal Name

Number of records used in: 17

001 - CONTROL NUMBER

  • control field: 171

003 - CONTROL NUMBER IDENTIFIER

  • control field: AM-YEHGA

005 - DATE AND TIME OF LATEST TRANSACTION

  • control field: 20250617070417.0

008 - FIXED-LENGTH DATA ELEMENTS

  • fixed length control field: 040630 a|ac|n|aab||||||||||||a |n|||||||

040 ## - CATALOGING SOURCE

  • Original cataloging agency: AM-YEHGA

100 1# - HEADING--PERSONAL NAME

  • Personal name: Դավթյան, Գագիկ Տիգրանի,
  • Dates associated with a name: 1947-

400 1# - SEE FROM TRACING--PERSONAL NAME

  • Personal name: Դավթյան, Գագիկ,
  • Dates associated with a name: 1947-

400 1# - SEE FROM TRACING--PERSONAL NAME

  • Personal name: Դավթյան, Գ.Տ.
  • Fuller form of name: (Գագիկ Տիգրանի),
  • Dates associated with a name: 1947-

400 1# - SEE FROM TRACING--PERSONAL NAME

  • Personal name: Դավթյան, Գ.
  • Fuller form of name: (Գագիկ),
  • Dates associated with a name: 1947-

400 1# - SEE FROM TRACING--PERSONAL NAME

  • Personal name: Давтян, Гагик Тигранович,
  • Dates associated with a name: 1947-

400 1# - SEE FROM TRACING--PERSONAL NAME

  • Personal name: Давтян, Гагик,
  • Dates associated with a name: 1947-

400 1# - SEE FROM TRACING--PERSONAL NAME

  • Personal name: Давтян, Г.Т.
  • Fuller form of name: (Гагик Тигранович),
  • Dates associated with a name: 1947-

400 1# - SEE FROM TRACING--PERSONAL NAME

  • Personal name: Davtyan, Gagik Tigrani,
  • Dates associated with a name: 1947-

400 1# - SEE FROM TRACING--PERSONAL NAME

  • Personal name: Davtyan, G.T.
  • Fuller form of name: (Gagik Tigrani),
  • Dates associated with a name: 1947-

400 1# - SEE FROM TRACING--PERSONAL NAME

  • Personal name: Davtyan, Gaguik,
  • Dates associated with a name: 1947

670 ## - SOURCE DATA FOUND

  • Source citation: Գրական տեղեկատու, 1986 :
  • Information found: էջ 140 (Դավթյան Գագիկ Տիգրանի (ծն.1947), բանաստեղծ, թարգմանիչ, Վրաց. ՍՍՀ Մին. խորհրդի 1985 թ. Վ.Մայակովսկու անվ. մրցանակի դափնեկիր։ ՍՍՀՄ գրող. միութ. անդամ 1982-ից)

670 ## - SOURCE DATA FOUND

  • Source citation: L'impossible dialogue =Անհնարին զրույց , 2015.
  • Information found: t. p. (Gaguik Davtyan)


ՀՀ ԳԱԱ հիմնարար գիտական գրադարան
ՀՀ,Երևան 0019
Մարշալ Բաղրամյան 24/6
հեռախոս:(374-10) 52-47-50
Հետադարձ կապ

All site content, except where otherwise noted, is licensed under a
Creative Commons License